000 03908nab a2200325 i 4500
003 BR-BrBNA
005 20230915094938.0
008 230704b2019 bl.ar|pooa||| 00| 0 eng |
040 _aBR-BrBNA
_beng
072 _aH60
_b4050
072 _aH10
100 _aBellé, C.
100 _aKaspary, T.E.
100 _aBalardin, R.R.
100 _aRamos, R.F.
100 _aAntoniolli, Z.I.
245 _aMeloidogyne species associated with weeds in Rio Grande do Sul
500 _aPublicação on-line; 23 ref.; 1 table; Summaries (En, Pt)
520 _a ABSTRACT - The frequency of species of root-knot nematodes (Meloidogyne spp.) was evaluated in weeds collected in different fallow farms in the State of Rio Grande do Sul, Brazil. In the samples where the nematode was found, the species of the rootknot nematode was identified by electrophoresis using the isozyme esterase. They were obtained from weeds belonging to 24 weed species from 13 different botanical families: Amaranthaceae, Asteraceae, Commelinaceae, Convovulaceae, Cyperaceae, Euphorbiaceae, Lamiaceae, Malvaceae, Oxalidaceae, Poaceae, Portulacaceae, Solanaceae, Verbenaceae. Meloidogyne javanica Est J3 (Rm: 1.0, 1.25, 1.40) was the most frequent species and occurred in 53.3% of the samples. M. arenaria with phenotype Est. A2 (Rm: 1.20, 1.30) was detected in 15.6% of the samples. M.incognita Est.I2 (Rm: 1.0, 1.1), M.ethiopica Est. E3 (Rm: 0.9, 1.15, 1.30), M.enterolobii Est. M2 (Rm: 0.7, 0.75, 0.9, 0.95) and M.hapla Est. H1 (Rm: 1.17) in 13.3%, 8.9%, 6.7% and 2.2% of the samples, respectively. Therefore, knowledge of the range of host plants to different species of the root-knot nematode can positively contribute to the adoption of management practices that allow the reduction of their populations in the soil. Keywords: root-knot nematode; weed plants, isozyme esterase, characterization, hostability.
520 _a RESUMO - A frequência de espécies do nematoide-das-galhas (Meloidogyne spp.) foi avaliada em plantas daninhas coletadas em diferentes lavouras em pousio do Estado do Rio Grande do Sul, Brasil. Nas amostras onde o nematoide foi encontrado, a identificação das espécies do nematoide-das-galhas foi feita por eletroforese, utilizando-se a isoenzima esterase. Elas foram obtidas de plantas daninhas pertencentes a 24 espécies de 13 famílias botânicas diferentes, sendo elas: Amaranthaceae, Asteraceae, Commelinaceae, Convovulaceae, Cyperaceae, Euphorbiaceae, Lamiaceae, Malvaceae, Oxalidaceae, Poaceae, Portulacaceae, Solanaceae and Verbenaceae. Meloidogyne javanica Est J3 (Rm: 1.0, 1.25, 1.40) foi a espécie mais frequente e ocorreu em 53,3% das amostras. M. arenaria com fenótipo Est. A2 (Rm: 1.20, 1.30) foi detectada em 15,6% das amostras. Também foram identificadasM. incognita Est. I2 (Rm: 1.0, 1.1), M. ethiopica Est. E3 (Rm: 0.9, 1.15, 1.30), M. enterolobii Est. M2 (Rm: 0.7, 0.75, 0.9, 0.95) and M.hapla Est. H1 (Rm: 1.17) in 13.3%, 8.9%, 6.7% and 2.2% of the samples, respectively. Portanto, o conhecimento da gama de plantas hospedeiras de diferentes espécies do nematoide-das-galhas pode contribuir de forma positiva para adoção de práticas de manejo que possibilitem a redução de suas populações no solo. Palavras-chave: nematoide-das-galhas, plantas infestantes, isoenzima esterase, caracterização, hospedabilidade.
650 _aMELOIDOGYNE SPP
650 _aNEMATÓIDE
650 _aERVA DANINHA
650 _aISOENZIMA
650 _aHOSPEDEIRO VEGETAL
773 0 _0886
_91816
_dLondrina-PR : Sociedade Brasileira da Ciência das Plantas Daninhas, 1978
_o2023-031023
_tPlanta Daninha (Brazil)
_x0100-8358; 1806-9681 (on-line)
_gv. 37 p. 1-6; (2019)
_wBR2023000492
856 _uhttps://www.scielo.br/j/pd/a/M7nVpv7h9HzHpDSQ8qrmxJj/?format=pdf&lang=en
942 _cAnalítica
999 _c9540
_d9540